000 00736nam a2200241 a 4500
001 15854
003 BD-RjUL
005 20211208235910.0
008 170502s1957 nyua 001 0 eng d
035 _a(BD-RjUL)15909
040 _aDLC
_cDLC
_dBD-RjUL
_dBD-RjUL
_beng
041 _aeng
082 0 0 _a658.83
_bCRM 1957
_223
100 1 _aCrisp, Richard D.
_948557
245 0 0 _aMarketing research /
_cRichard D. Crisp
260 _aNew York :
_bMcGraw-Hill,
_c1957.
300 _axii, 798 p. :
_bill. ;
_c24 cm.
490 0 _aMcGraw-Hill series in marketing and advertising
500 _aIncludes index.
650 0 _aMarketing research.
_949168
830 _aMcGraw-Hill series in marketing and advertising
_9211058
942 _2ddc
_cBK
999 _c15854
_d15854